Statistics for SAT Words HARD Click Quiz - J

Click here to take the quiz!

General Stats

  • This quiz has been taken 144 times
  • The average score is 9 of 15

Answer Stats

HintAnswer% Correct
Louisianan rice dishJambalaya
93%
Shake gentlyJoggle
89%
Reject or dismiss a loverJilt
84%
Playful humourJocularity
76%
French sauceJus
71%
Alcoholic and sugary drink over iceJulep
70%
Writhing or twisting of the bodyJactitation
57%
Intense pleasure or delightJouissance
56%
Deception, trickeryJugglery
50%
Small bus servicing a small areaJitney
49%
A woman’s skirt or dressJupe
49%
Overly large bottle of wine (5 L)Jeroboam
39%
Decorative frill on a shirt or blouseJabot
36%
Long and mournful complaintJeremiad
36%
Driver of a horse-drawn vehicleJehu
20%

Score Distribution

Percentile by Number Answered

Percent of People with Each Score

Your Score History

You have not taken this quiz